LIBRARY & INFORMATION CENTRE, KCAET, TAVANUR

ONLINE PUBLIC ACCESS CATALOGUE (OPAC)

Simulation of a reservoir system with multiple objectives (Record no. 15224)

MARC details
000 -LEADER
fixed length control field 00561nam a22001697a 4500
003 - CONTROL NUMBER IDENTIFIER
control field OSt
088 ## - REPORT NUMBER
Report number T 118
100 ## - MAIN ENTRY--AUTHOR NAME
Personal name LEENA DIVAKAR
245 ## - TITLE STATEMENT
Title Simulation of a reservoir system with multiple objectives
260 ## - PUBLICATION, DISTRIBUTION, ETC. (IMPRINT)
Place of publication Tavanur 2001
Name of publisher Kelappaji College of Agricultural Engineering and Tecchnology
300 ## - PHYSICAL DESCRIPTION
Number of Pages 126
500 ## - GENERAL NOTE
General note Simulation of a reservoir system with multiple objectives
520 ## - SUMMARY, ETC.
Summary, etc Simulation of a reservoir system with multiple objectives
700 ## - ADDED ENTRY--PERSONAL NAME
Personal name Er. Mary Regina F (Guide)
942 ## - ADDED ENTRY ELEMENTS (KOHA)
Koha item type Theses
Holdings
Collection code Home library Current library Shelving location Full call number Accession Number Koha item type Public note
Reference KAUAET KAUAET Reference 631.587 LEE/SI T 118 Theses M.Tech Thesis
free website counter